| 000 | 00786pam a2200265 a 4500 | ||
|---|---|---|---|
| 001 | 3870838 | ||
| 003 | NUST - PNEC | ||
| 005 | 20170116180834.0 | ||
| 008 | 890728s1990 paua 001 0 eng | ||
| 010 | _a 89010760 | ||
| 020 | _a0030312647 | ||
| 040 |
_aDLC _cLIBRARY _dDLC |
||
| 050 | 0 | 0 |
_aQA303 _b.B484 1990 |
| 082 | 0 | 0 |
_a515 _220 |
| 100 | 1 | _aBerkey, Dennis D. | |
| 245 | 1 | 0 |
_aCalculus for management, social, and life sciences / _cDennis D. Berkey. |
| 250 | _a2nd ed. | ||
| 260 |
_aPhiladelphia : _bSaunders College Pub., _cc1990. |
||
| 300 |
_axvi, 427, [40] p. : _bill. ; _c24 cm. |
||
| 650 | 0 |
_aCalculus. _xME |
|
| 650 | 0 |
_aManagement _xMathematics. |
|
| 650 | 0 |
_aSocial sciences _xMathematics. |
|
| 906 |
_a7 _bcbc _corignew _d1 _eocip _f19 _gy-gencatlg |
||
| 942 |
_2ddc _cBK |
||
| 999 |
_c64125 _d64125 |
||